000 00420nam a2200193Ia 4500
008 240510s9999 xx 000 0 und d
020 _a9780571258246
041 _aEng
082 _a823
082 _bI73
100 _aISHIGURO,KAZUO
245 4 _aThe Remains of the Day
260 _bLondon:Faber and Faber Ltd.
260 _c1989
300 _a258 p.
650 _aFiction
942 _2ddc
942 _cLBK
999 _c29278
_d29278
945 _a1
_bMadushi Gamage
_c1
_dMadushi Gamage